Tratado de las tercerías: intervención de terceros
Salvato in:
| Autori principali: | , |
|---|---|
| Natura: | Libro |
| Lingua: | spagnolo |
| Pubblicazione: |
Santiago
El Jurista
2017
|
| Edizione: | 4a. ed |
| Soggetti: | |
| Tags: |
Aggiungi Tag
Nessun Tag, puoi essere il primo ad aggiungerne!!
|
MARC
| LEADER | 00000cam a2200000 a 4500 | ||
|---|---|---|---|
| 001 | UCC0357 | ||
| 003 | CL-VaPUC | ||
| 008 | 170811e20170000cl |||||||||||||||||spa|d | ||
| 020 | |a 9789563670134o.c | ||
| 020 | |a 9789563670141t.1 | ||
| 020 | |a 9789563670158t.2 | ||
| 082 | 0 | 4 | |a 347.07 |b ROD |2 21 |
| 100 | 0 | |a Rodríguez Garcés, Sergio |e author |9 594290 | |
| 700 | 0 | |a Rodríguez Aspillaga, María Patricia |e author |9 594291 | |
| 245 | 1 | 0 | |a Tratado de las tercerías: intervención de terceros |
| 250 | |a 4a. ed | ||
| 300 | |a t | ||
| 942 | |c BK | ||
| 945 | |d 20170811 15:21:00 |a dcastane | ||
| 260 | |a Santiago |b El Jurista |c 2017 | ||
| 650 | 0 | |a Derecho procesal civil |9 258071 | |
| 650 | 0 | |a Procedimiento civil |9 254870 | |
| 650 | 7 | |a TERCERIAS |2 CL-VaPUC |9 384956 | |
| 583 | |a last modification |c 20170811 15:21:00 |k Rodrigo Vera | ||
| 999 | |c 369213 |d 369211 | ||
| 952 | |0 0 |1 0 |3 erd |4 0 |6 347_070000000000000_ROD_2017 |7 0 |8 A |9 484815 |a BIBDER |b BIBDER |h t.1 |i 5413168 |l 1 |o 347.07 ROD 2017 |p 5413168 |r 2024-10-21 |s 2024-10-14 |w 2019-11-24 |y BK |z Catalogado en:20170811 |k DER | ||
| 952 | |0 0 |1 0 |3 erd |4 0 |6 347_070000000000000_ROD_2017 |7 0 |8 A |9 484816 |a BIBDER |b BIBDER |h t.2 |i 5413176 |o 347.07 ROD 2017 |p 5413176 |r 2023-01-25 |w 2019-11-24 |y BK |z Catalogado en:20170811 |k DER | ||